| 000 | 01496cam a2200349 a 4500 | ||
|---|---|---|---|
| 001 | 14740704 | ||
| 005 | 20070525163623.0 | ||
| 008 | 070221s2007 nyua 001 0 eng | ||
| 010 | _a 2007007213 | ||
| 020 | _a0071486607 (alk. paper) | ||
| 020 | _a9780071486606 (alk. paper) | ||
| 035 | _a(OCoLC)ocm85018933 | ||
| 035 | _a(OCoLC)85018933 | ||
| 040 |
_aDLC _cDLC _dBAKER _dC#P _dDLC |
||
| 050 | 0 | 0 |
_aTH438.4 _b.W65 2007 |
| 082 | 0 | 0 |
_a690.0684 _222 _bWOO |
| 100 | 1 |
_aWoolf, Murray B. _923120 |
|
| 245 | 1 | 0 |
_aFaster Construction Projects with CPM Scheduling / _cMurray B. Woolf. |
| 260 |
_aNew York : _bMcGraw Hill, 2007 _cc2007. |
||
| 300 |
_axliii, 412 p. : _bill. ; _c25 cm. |
||
| 500 | _aIncludes index. | ||
| 650 | 0 |
_aBuilding _xSuperintendence. _923121 |
|
| 650 | 0 |
_aProduction scheduling. _923122 |
|
| 650 | 0 |
_aCritical path analysis. _923123 |
|
| 653 |
_bCiv _cApril2011 |
||
| 856 | 4 | 2 |
_3Contributor biographical information _uhttp://www.loc.gov/catdir/enhancements/fy0708/2007007213-b.html |
| 856 | 4 | 2 |
_3Publisher description _uhttp://www.loc.gov/catdir/enhancements/fy0708/2007007213-d.html |
| 856 | 4 | 1 |
_3Table of contents only _uhttp://www.loc.gov/catdir/enhancements/fy0708/2007007213-t.html |
| 942 |
_2ddc _cBB |
||
| 999 |
_c15126 _d15126 |
||